000 00244nam a22000977a 4500
999 _c11806
_d11806
008 200220b ||||| |||| 00| 0 eng d
020 _a0590464795
100 _aCrews Donald
_97417
245 _aTen Black Dots
260 _aNew York
_bScholastic
_c1992